书目信息 |
| 题名: |
眼科学
|
|
| 作者: | 赵堪兴 , 杨培增 主编 | |
| 分册: | ||
| 出版信息: | 北京 人民卫生出版社 2013 |
|
| 页数: | 28,355页 | |
| 开本: | 28cm | |
| 丛书名: | ||
| 单 册: | ||
| 中图分类: | R77 | |
| 科图分类: | ||
| 主题词: | 眼科学--高等学校--教材 , 眼科学 | |
| 电子资源: | ||
| ISBN: | 978-7-117-17192-2 | |
| 000 | 01099nam0 2200289 450 | |
| 001 | 012015000114 | |
| 005 | 20150914161200.59 | |
| 010 | @a978-7-117-17192-2@dCNY72.00 | |
| 100 | @a20140429d2013 em y0chiy50 ea | |
| 101 | 0 | @achi |
| 102 | @aCN@b110000 | |
| 105 | @aa z 001yy | |
| 106 | @ar | |
| 200 | 1 | @a眼科学@Ayan ke xue@dOphthalmology@f赵堪兴,杨培增主编@zeng |
| 205 | @a8版 | |
| 210 | @a北京@c人民卫生出版社@d2013 | |
| 215 | @a28,355页@c图@d28cm | |
| 300 | @a“十二五”普通高等教育本科国家级规划教材 卫生部“十二五”规划教材 全国高等医药教材建设研究会“十二五”规划教材 全国高等学校教材 供基础、临床、预防、口腔、医学类专业用 | |
| 330 | @a本书包括眼科学基础、眼科检查、眼睑病、泪器病、眼表疾病、结膜病、角膜病、巩膜病、晶状体病、青光眼、葡萄膜疾病、玻璃体疾病、视网膜病、视路疾病等21章内容。 | |
| 510 | 1 | @aOphthalmology@zeng |
| 606 | 0 | @a眼科学@x高等学校@j教材 |
| 606 | 0 | @a眼科学 |
| 690 | @aR77@v5 | |
| 701 | 0 | @a赵堪兴@Azhao kan xing@f(1946~)@4主编 |
| 701 | 0 | @a杨培增@Ayang pei zeng@f(1957~)@4主编 |
| 801 | 0 | @aCN@b碧洲教育@c20150716 |
| 905 | @a10447@f4@dR77@e11=8 | |
| 眼科学=Ophthalmology/赵堪兴,杨培增主编.-8版.-北京:人民卫生出版社,2013 |
| 28,355页:图;28cm |
| “十二五”普通高等教育本科国家级规划教材 卫生部“十二五”规划教材 全国高等医药教材建设研究会“十二五”规划教材 全国高等学校教材 供基础、临床、预防、口腔、医学类专业用 |
| ISBN 978-7-117-17192-2:CNY72.00 |
| 本书包括眼科学基础、眼科检查、眼睑病、泪器病、眼表疾病、结膜病、角膜病、巩膜病、晶状体病、青光眼、葡萄膜疾病、玻璃体疾病、视网膜病、视路疾病等21章内容。 |
| ● |
| 相关链接 |
|
|
|
|
正题名:眼科学
索取号:R77/11=8
 
预约/预借
| 序号 | 登录号 | 条形码 | 馆藏地/架位号 | 状态 | 备注 |
| 1 | 0870558 | 208705588 | 第二样本阅览室/ [索取号:R77/11=8] | 在馆 | |
| 2 | 0870559 | 208705597 | 第三借阅区/ [索取号:R77/11=8] | 在馆 | |
| 3 | 0870560 | 208705604 | 第三借阅区/ [索取号:R77/11=8] | 在馆 | |
| 4 | 0870561 | 208705613 | 第三借阅区/ [索取号:R77/11=8] | 在馆 |